Fundamentals of logic and computer design : (Record no. 276113)
[ view plain ]
| 000 -LEADER | |
|---|---|
| fixed length control field | 00397nam a2200133 a 4500 |
| 005 - DATE AND TIME OF LATEST TRANSACTION | |
| control field | 20141022141959.0 |
| 008 - FIXED-LENGTH DATA ELEMENTS--GENERAL INFORMATION | |
| fixed length control field | 120306s19uu xx 00 eng d |
| 050 ## - LIBRARY OF CONGRESS CALL NUMBER | |
| Classification number | CD-ROM |
| Item number | M31 2006 |
| 100 ## - MAIN ENTRY--PERSONAL NAME | |
| Personal name | Mano, Morris M. |
| 245 ## - TITLE STATEMENT | |
| Title | Fundamentals of logic and computer design : |
| Remainder of title | 3E (xilin student edition) / |
| Statement of responsibility, etc | Morris Mano, Charles Kime. |
| 260 ## - PUBLICATION, DISTRIBUTION, ETC. (IMPRINT) | |
| Date of publication, distribution, etc | 2006. |
| 700 ## - ADDED ENTRY--PERSONAL NAME | |
| Personal name | Kime, Charles R. |
| 942 ## - ADDED ENTRY ELEMENTS (KOHA) | |
| Koha item type | Audio Visual Materials |
| Withdrawn status | Lost status | Damaged status | Home library | Current library | Shelving location | Date acquired | Total Checkouts | Full call number | Barcode | Date last seen | Price effective from | Koha item type |
|---|---|---|---|---|---|---|---|---|---|---|---|---|
| College Library | College Library | Audio Visual Material Section | 03/06/2012 | CD-ROM M31 2006 | IT0029 | 04/12/2014 | 04/12/2014 | Audio Visual Materials | ||||
| College Library | College Library | Audio Visual Material Section | 03/06/2012 | CD-ROM M31 2006 | IT0030 | 04/12/2014 | 04/12/2014 | Audio Visual Materials | ||||
| College Library | College Library | Audio Visual Material Section | 03/06/2012 | CD-ROM M31 2006 | IT0031 | 04/12/2014 | 04/12/2014 | Audio Visual Materials |